000 00293nam a22001337a 4500
003 SGT
020 _a9789327230406
082 _a631
_bSIN
100 _aSINGH, PHUNDAN
245 _aPRINCIPLES OF SEED TECHNOLOGY
260 _bKALYANI PUBLICATION
_c2017
300 _a194
942 _2ddc
_cBK
_024
999 _c16148
_d16148